[Event "MCRE_SF20"]
[Site "?"]
[Date "2009.??.??"]
[Round "1"]
[White "Pirhala, Ladislav"]
[Black "Stika, Vaclav"]
[Result "1-0"]
[WhiteElo "2190"]
[BlackElo "2130"]
[PlyCount "95"]
[EventDate "2009.??.??"]
[EventType "corr"]

1. e4 e5 2. Nf3 Nc6 3. Bb5 a6 4. Ba4 Nf6 5. O-O Be7 6. Re1 b5 7. Bb3 O-O 8. c3
d6 9. h3 Bb7 10. d4 Re8 11. Nbd2 Bf8 12. a4 h6 13. d5 Nb8 14. c4 c6 15. axb5
axb5 16. Rxa8 Bxa8 17. cxb5 cxd5 18. exd5 Nxd5 19. Ne4 Nb4 20. Bg5 Qd7 21. Bxh6
Bxe4 22. Rxe4 d5 23. Rg4 e4 24. Nd4 Nd3 25. Be3 Nc5 26. Ba2 Nd3 27. Rg5 Ne5 28.
Nf5 g6 29. Bf4 Qxb5 30. Bxe5 Rxe5 31. Nh6+ Bxh6 32. Rxe5 Qxb2 33. Re8+ Kg7 34.
Bxd5 e3 35. Qf3 Qc1+ 36. Kh2 Qc7+ 37. g3 Bg5 38. h4 Bxh4 39. Qxe3 Nd7 40. Kg1
Nf6 41. Qd4 Qd7 42. Re5 Qg4 43. Qb2 Bxg3 44. fxg3 Qxg3+ 45. Bg2 Qd3 46. Re1 Qd6
47. Qe5 Qb6+ 48. Kh1 1-0

[Event "MCRE_SF20"]
[Site "?"]
[Date "2009.??.??"]
[Round "2"]
[White "Stika, Vaclav"]
[Black "Pirhala, Ladislav"]
[Result "1-0"]
[WhiteElo "2130"]
[BlackElo "2190"]
[PlyCount "79"]
[EventDate "2009.??.??"]
[EventType "corr"]

1. e4 c6 2. d4 d5 3. e5 Bf5 4. Nc3 e6 5. Bd3 Bxd3 6. Qxd3 Qb6 7. Nge2 Qa6 8.
Qh3 Nd7 9. O-O Ne7 10. Be3 Nf5 11. Ng3 g6 12. Nxf5 exf5 13. Qh4 Be7 14. Qh6 Bf8
15. Qh3 Bg7 16. Bh6 O-O 17. Bxg7 Kxg7 18. Qe3 Rfe8 19. a4 Nf8 20. Ne2 Ne6 21.
b3 Rac8 22. Rfd1 Qb6 23. a5 Qb4 24. Ra4 Qe7 25. c4 c5 26. cxd5 Nxd4 27. f4 Nb5
28. Qd3 Qd7 29. Rc4 f6 30. e6 Qd8 31. b4 b6 32. axb6 axb6 33. bxc5 bxc5 34. Rb1
Nd6 35. Ra4 Re7 36. Nc3 Ra8 37. Raa1 Rea7 38. Rxa7+ Rxa7 39. Qe3 Ne4 40. Nxe4
1-0

[Event "MCRE_SF20"]
[Site "?"]
[Date "2009.??.??"]
[Round "1"]
[White "Mudra, Oldrich"]
[Black "Kratochvil, Vaclav"]
[Result "1/2-1/2"]
[WhiteElo "2175"]
[BlackElo "2172"]
[PlyCount "72"]
[EventDate "2009.??.??"]
[EventType "corr"]

1. Nf3 Nf6 2. g3 g6 3. Bg2 Bg7 4. O-O O-O 5. c4 c5 6. d4 cxd4 7. Nxd4 d5 8.
cxd5 Nxd5 9. Nb5 a6 10. N5c3 Nb6 11. Na3 Nc6 12. Qxd8 Rxd8 13. Be3 Bd4 14. Bxd4
Nxd4 15. Rfd1 Bg4 16. Kf1 Rab8 17. Rd2 Kg7 18. Rad1 e5 19. f4 Re8 20. Kf2 Nc6
21. Ne4 Re7 22. Nd6 exf4 23. gxf4 Nc8 24. Nac4 Nxd6 25. Nxd6 Be6 26. b3 Na7 27.
Bf3 Nb5 28. Nxb5 axb5 29. Rc2 Ra8 30. Rdd2 h5 31. e4 Ra5 32. Be2 Rd7 33. Ke3 b4
34. Bc4 Rxd2 35. Rxd2 Bxc4 36. bxc4 b6 1/2-1/2

[Event "MCRE_SF20"]
[Site "?"]
[Date "2009.??.??"]
[Round "2"]
[White "Kratochvil, Vaclav"]
[Black "Mudra, Oldrich"]
[Result "1/2-1/2"]
[WhiteElo "2172"]
[BlackElo "2175"]
[PlyCount "93"]
[EventDate "2009.??.??"]
[EventType "corr"]

1. e4 g6 2. d4 Bg7 3. Nc3 c6 4. Nf3 d6 5. h3 Nf6 6. Be2 O-O 7. O-O Nbd7 8. Bf4
Qc7 9. Qd2 b5 10. a3 Bb7 11. e5 dxe5 12. dxe5 Nd5 13. Nxd5 cxd5 14. e6 Ne5 15.
exf7+ Rxf7 16. Ng5 Nf3+ 17. Bxf3 Qxf4 18. Qxf4 Rxf4 19. c3 e5 20. Rad1 Rf5 21.
h4 h6 22. Ne6 e4 23. Bg4 Re5 24. Nc7 Rd8 25. Nxb5 a5 26. Rfe1 h5 27. Bh3 Kf7
28. g3 g5 29. hxg5 Rxg5 30. Re3 h4 31. Nc7 Re5 32. Nb5 Rg5 33. Nd4 Rg6 34. Nf5
Bf6 35. Bg4 Rg5 36. f4 exf3 37. Rxf3 Bc8 38. Rdf1 Bxf5 39. Rxf5 Rxf5 40. Rxf5
Rg8 41. Bh5+ Ke6 42. g4 Rb8 43. Rf2 d4 44. Kg2 dxc3 45. bxc3 Bxc3 46. Re2+ Kf6
47. Rf2+ 1/2-1/2

[Event "MCRE_SF20"]
[Site "?"]
[Date "2009.??.??"]
[Round "1"]
[White "Mudra, Oldrich"]
[Black "Stika, Vaclav"]
[Result "1/2-1/2"]
[WhiteElo "2175"]
[BlackElo "2130"]
[PlyCount "102"]
[EventDate "2009.??.??"]
[EventType "corr"]

1. Nf3 d5 2. d4 Nf6 3. c4 e6 4. Nc3 c6 5. e3 Nbd7 6. Qc2 Bd6 7. Be2 O-O 8. O-O
dxc4 9. Bxc4 b5 10. Be2 Bb7 11. Rd1 Qb8 12. e4 e5 13. g3 Re8 14. dxe5 Nxe5 15.
a3 Qc7 16. Nh4 Bc5 17. b4 Bb6 18. Bf4 Rad8 19. Rxd8 Rxd8 20. a4 a6 21. Rd1
Rxd1+ 22. Nxd1 bxa4 23. Qc3 Nxe4 24. Qxe5 Qxe5 25. Bxe5 a3 26. Nf5 c5 27. bxc5
Bxc5 28. Nfe3 Nd2 29. Nc3 f6 30. Bf4 g5 31. Bc7 Kf7 32. Ba5 Nf3+ 33. Bxf3 Bxf3
34. Kf1 Bh5 35. Nc2 Bg6 36. Bb4 Bxb4 37. Nxb4 a5 38. Nba2 Ke6 39. Nc1 Kd6 40.
f3 Kc5 41. Ke2 h5 42. Kd2 h4 43. Nb3+ Kb4 44. Na1 hxg3 45. hxg3 f5 46. f4 gxf4
47. gxf4 Bf7 48. Kd3 a2 49. Nd1 a4 50. Kd4 Kb5 51. Nc2 Kb6 1/2-1/2

[Event "MCRE_SF20"]
[Site "?"]
[Date "2009.??.??"]
[Round "2"]
[White "Stika, Vaclav"]
[Black "Mudra, Oldrich"]
[Result "1-0"]
[WhiteElo "2130"]
[BlackElo "2175"]
[PlyCount "121"]
[EventDate "2009.??.??"]
[EventType "corr"]

1. e4 g6 2. d4 Bg7 3. Nc3 c6 4. Nf3 d6 5. Bc4 a5 6. O-O Nf6 7. Qe2 O-O 8. h3
Na6 9. e5 Nd5 10. Bxd5 cxd5 11. Bf4 Be6 12. Nb5 dxe5 13. Bxe5 Bh6 14. a4 Re8
15. c3 Bf5 16. Rfe1 Rc8 17. Bh2 Bg7 18. g4 Bd7 19. Ne5 Be6 20. Nd3 Bd7 21. Qf3
Bxb5 22. axb5 Nb8 23. Be5 e6 24. Bxg7 Kxg7 25. Ne5 Rf8 26. Kg2 b6 27. h4 f6 28.
Nd3 e5 29. dxe5 fxe5 30. Qg3 Nd7 31. Nxe5 Nxe5 32. Rxe5 Qd7 33. Rd1 Rc4 34.
Rdxd5 Qxg4 35. Re7+ Rf7 36. Rdd7 Rxe7 37. Rxe7+ Kg8 38. Qxg4 Rxg4+ 39. Kf3 Rxh4
40. Re6 Kf7 41. Rxb6 Ke7 42. Rc6 Kd7 43. b3 Rh1 44. Ke4 Rh4+ 45. f4 g5 46. Rf6
gxf4 47. Rf7+ Kd6 48. b6 f3+ 49. Ke3 Rh5 50. c4 f2 51. Kxf2 Rh2+ 52. Ke3 Kc6
53. Rf6+ Kb7 54. c5 Rh4 55. Rf7+ Kc6 56. Rc7+ Kd5 57. b7 Rb4 58. Kd2 Rb5 59.
Kc3 h6 60. c6 Kd6 61. Rc8 1-0

[Event "MCRE_SF20"]
[Site "?"]
[Date "2009.??.??"]
[Round "1"]
[White "Kratochvil, Vaclav"]
[Black "Stika, Vaclav"]
[Result "1-0"]
[WhiteElo "2172"]
[BlackElo "2130"]
[PlyCount "139"]
[EventDate "2009.??.??"]
[EventType "corr"]

1. e4 e5 2. Nf3 Nc6 3. Bc4 Bc5 4. c3 Nf6 5. d3 d6 6. O-O a6 7. Bb3 O-O 8. Bg5
h6 9. Bh4 g5 10. Bg3 g4 11. Bh4 gxf3 12. Qxf3 Kg7 13. Qg3+ Kh7 14. Qf3 Bg4 15.
Qxf6 Qxf6 16. Bxf6 Be2 17. Re1 Bxd3 18. Bd5 Rg8 19. b4 Ba7 20. Na3 Rg6 21. Bh4
f5 22. exf5 Bxf5 23. Kh1 Rf8 24. f3 Kh8 25. Nc4 Be6 26. Be4 Rg7 27. Ne3 Bxe3
28. Rxe3 d5 29. Bd3 Bf5 30. b5 axb5 31. Bxb5 d4 32. Ree1 Na7 33. Ba4 b5 34. Bb3
c5 35. Bg3 c4 36. Bxe5 Nc6 37. Bxg7+ Kxg7 38. cxd4 cxb3 39. axb3 Nxd4 40. Ra7+
Kg8 41. Rb7 Be6 42. Rd1 Nxb3 43. Rxb5 Rc8 44. Rb6 Kf7 45. h3 Nc5 46. Rc1 Nd7
47. Rxc8 Nxb6 48. Rc5 Nd5 49. Kh2 Nf4 50. g4 Kg7 51. Ra5 Kf6 52. Kg3 Ne2+ 53.
Kh4 Kg6 54. Re5 Nd4 55. Kg3 Bf7 56. f4 Kf6 57. Ra5 h5 58. Ra6+ Be6 59. Kh4 hxg4
60. hxg4 Kf7 61. Kh5 Kf6 62. Kh6 Kf7 63. Ra4 Nc6 64. Kg5 Bd7 65. f5 Bc8 66. Ra2
Bd7 67. Rh2 Kg7 68. Rd2 Be8 69. Kf4 Ne7 70. g5 1-0

[Event "MCRE_SF20"]
[Site "?"]
[Date "2009.??.??"]
[Round "2"]
[White "Stika, Vaclav"]
[Black "Kratochvil, Vaclav"]
[Result "1/2-1/2"]
[WhiteElo "2130"]
[BlackElo "2172"]
[PlyCount "119"]
[EventDate "2009.??.??"]
[EventType "corr"]

1. e4 e5 2. Nf3 Nf6 3. Nxe5 d6 4. Nf3 Nxe4 5. d4 d5 6. Bd3 Be7 7. O-O Nc6 8. c4
Nb4 9. Be2 O-O 10. a3 Nc6 11. cxd5 Qxd5 12. Nc3 Nxc3 13. bxc3 Na5 14. Re1 Bd6
15. Nd2 Bd7 16. Bf3 Qf5 17. Be4 Qg4 18. Qc2 Qh5 19. g3 c5 20. Bf3 Bg4 21. Bxg4
Qxg4 22. Qa4 Bc7 23. Re4 Qh5 24. Re7 Bb6 25. Re5 Qg4 26. Re4 Qc8 27. Bb2 Qc7
28. Rae1 Rad8 29. Nc4 Nxc4 30. Qxc4 cxd4 31. Qxc7 Bxc7 32. cxd4 Bd6 33. Kg2 Rc8
34. f4 b5 35. f5 f6 36. R1e2 a5 37. g4 Kf7 38. Kf3 Rfd8 39. h4 h6 40. Re6 a4
41. Ke4 b4 42. axb4 Bxb4 43. Kd3 Rd7 44. Rb6 Bc5 45. Ra6 a3 46. Bc3 Bf8 47. Rb6
Be7 48. h5 Ra8 49. Ra2 Raa7 50. Ra1 Rdb7 51. Rxb7 Rxb7 52. Re1 Ke8 53. Kc4 Kd7
54. Rc1 Bd6 55. Re1 Kc6 56. Ra1 Re7 57. Re1 Rc7 58. Ba5 Rc8 59. Bc3 Rb8 60. Rc1
1/2-1/2